Science Projects-5-6 (Record no. 5892)

MARC details
000 -LEADER
fixed length control field 00211nam a22000857a 4500
008 - FIXED-LENGTH DATA ELEMENTS--GENERAL INFORMATION
fixed length control field 170201b xxu||||| |||| 00| 0 eng d
100 ## - MAIN ENTRY--PERSONAL NAME
9 (RLIN) 2725
Personal name Vavghn.S.
245 ## - TITLE STATEMENT
Title Science Projects-5-6
260 ## - PUBLICATION, DISTRIBUTION, ETC. (IMPRINT)
Place of publication, distribution, etc. U.S.A.
Name of publisher, distributor, etc. Steek
Date of publication, distribution, etc. 2003
Holdings
Withdrawn status Lost status Source of classification or shelving scheme Damaged status Koha normalized classification for sorting Not for loan Home library Current library Shelving location Date acquired Total Checkouts Full call number Barcode Date last seen Date last checked out Price effective from Koha item type
    Dewey Decimal Classification   500_000000000000000   Good Samaritan School Library Good Samaritan School Library Science 02/01/2017 1 500 VAV8486 02/07/2019 02/01/2019 02/01/2017 BOOK

Powered by Koha